| 000 | 01225nam0a22002531 4500 | ||
|---|---|---|---|
| 001 | rc\314632 | ||
| 005 | 20030307122122.7 | ||
| 035 | _a(NLR Aleph) 005549088 | ||
| 090 |
_a5791268 _c5791268 |
||
| 100 | _a20030307d1990 u |0rusy50 ca | ||
| 101 | 0 | _arus | |
| 102 | _aRU | ||
| 105 | _ay ||||||||| | ||
| 200 | 1 |
_aПсихические заболевания: клиника, диагностика, лечение. Организация психиатрической помощи _eТез. докл. обл. науч.-практ. конф. _f[Отв. ред. Г.Т. Сонник] |
|
| 210 |
_aПолтава _cБ. и. _d1990 |
||
| 215 |
_a93 с. _d20 |
||
| 300 | _aВ надзаг.: М-во здравоохранения УССР, Упр. здравоохранения Полтав. облисполкома, Полтав. мед. стоматол. ин-т, Полтав. обл. клинич. психиатр. больница им. А.Ф. Мальцева | ||
| 702 | 1 |
_aСонник _bГ. Т. _gГригорий Трофимович _4340 |
|
| 712 | 0 | 1 |
_aУССР _bМ-во здравоохранения |
| 801 | 0 |
_aRU _bNLR _gpsbo |
|
| 801 | 1 |
_aRU _bELAR _2rusmarc |
|
| 852 |
_aNLR _j90-4/14081 |
||
| 942 | _cBOOK | ||
| 980 | _aNB | ||